书目信息 |
| 题名: |
计算机操作系统
|
|
| 作者: | 庞丽萍 , 李胜利 编著 | |
| 分册: | ||
| 出版信息: | 武汉 华中理工大学出版社 1996.05 |
|
| 页数: | 277页 | |
| 开本: | 20cm | |
| 丛书名: | ||
| 单 册: | ||
| 中图分类: | TP316 | |
| 科图分类: | ||
| 主题词: | 软件 | |
| 电子资源: | ||
| ISBN: | 7-5609-0613-3 | |
| 000 | 00688nam0 2200229 450 | |
| 001 | 0748952078 | |
| 005 | 20071210133837.87 | |
| 010 | @a7-5609-0613-3@dCNY 19.80 | |
| 100 | @a20071210d1996 km y0chiy0120 ea | |
| 101 | 0 | @achi |
| 102 | @aCN@b420000 | |
| 200 | 1 | @a计算机操作系统@Aji suan ji cao zuo xi tong@f庞丽萍,李胜利编著@Fpang li ping,li sheng li bian zhu |
| 205 | @a2版 | |
| 210 | @a武汉@c华中理工大学出版社@d1996.05 | |
| 215 | @a277页@d20cm | |
| 300 | @a计算机系列教材 | |
| 606 | 0 | @a软件 |
| 690 | @aTP316@v4 | |
| 701 | 0 | @a庞丽萍@Apang li ping@4编著 |
| 701 | 0 | @a李胜利@Ali sheng li@4编著 |
| 801 | 0 | @aCN@b大连网信软件有限公司图书馆·11@c20071210 |
| 905 | @aZUCC@dTP316@eP687 | |
| 计算机操作系统/庞丽萍,李胜利编著.-2版.-武汉:华中理工大学出版社,1996.05 |
| 277页;20cm |
| 计算机系列教材 |
| ISBN 7-5609-0613-3:CNY 19.80 |
| ● |
| 相关链接 |
|
|
|
正题名:计算机操作系统
索取号:TP316/P687
 
预约/预借
| 序号 | 登录号 | 条形码 | 馆藏地/架位号 | 状态 | 备注 |
| 1 | 140735 | 201407352 | 期刊室512/301自科库 51排3列3层/ [索取号:TP316/P687] | 在馆 | |
| 2 | 140736 | 201407361 | 期刊室512/301自科库 51排3列2层/ [索取号:TP316/P687] | 在馆 | |
| 3 | 140737 | 201407370 | 自科库301/504自科库 5排3列1层/ [索取号:TP316/P687] | 在馆 | |
| 4 | 140738 | 201407389 | 自科库301/504自科库 5排3列1层/ [索取号:TP316/P687] | 在馆 | |
| 5 | 140739 | 201407398 | 期刊室512/301自科库 56排4列1层/ [索取号:TP316/P687] | 在馆 |